Cerámica : (Record no. 27006)
[ view plain ]
| 000 -LEADER | |
|---|---|
| fixed length control field | 00992cam a22002654a 4500 |
| 001 - CONTROL NUMBER | |
| control field | 12141400 |
| 005 - DATE AND TIME OF LATEST TRANSACTION | |
| control field | 20170207103130.0 |
| 008 - FIXED-LENGTH DATA ELEMENTS--GENERAL INFORMATION | |
| fixed length control field | 000814s2001 paua b 000 0 eng |
| 010 ## - LIBRARY OF CONGRESS CONTROL NUMBER | |
| LC control number | 00010817 |
| 020 ## - INTERNATIONAL STANDARD BOOK NUMBER | |
| International Standard Book Number | 0764312480 |
| 050 00 - LIBRARY OF CONGRESS CALL NUMBER | |
| Classification number | NK4031 .T49 2001 |
| 100 1# - MAIN ENTRY--PERSONAL NAME | |
| Personal name | Thompson, Amanda. |
| 245 10 - TITLE STATEMENT | |
| Title | Cerámica : |
| Remainder of title | Mexican pottery of the 20th century / |
| Statement of responsibility, etc. | Amanda Thompson. |
| 260 ## - PUBLICATION, DISTRIBUTION, ETC. (IMPRINT) | |
| Place of publication, distribution, etc. | Atglen, PA : |
| Name of publisher, distributor, etc. | Schiffer, |
| Date of publication, distribution, etc. | c2001. |
| 300 ## - PHYSICAL DESCRIPTION | |
| Extent | 206, [2] p. : |
| Other physical details | col. ill. ; |
| Dimensions | 23 x 29 cm. |
| 500 ## - GENERAL NOTE | |
| General note | "In cooperation with the California Heritage Museum, Santa Monica." |
| 504 ## - BIBLIOGRAPHY, ETC. NOTE | |
| Bibliography, etc | Includes bibliographical references (p. [207]). |
| 650 #0 - SUBJECT ADDED ENTRY--TOPICAL TERM | |
| Topical term or geographic name as entry element | Pottery, Mexican |
| Chronological subdivision | 20th century. |
| 942 ## - ADDED ENTRY ELEMENTS (KOHA) | |
| Source of classification or shelving scheme | |
| Koha item type | Hard Covered Materials |
| Withdrawn status | Lost status | Source of classification or shelving scheme | Damaged status | Not for loan | Home library | Current library | Shelving location | Date acquired | Source of acquisition | Total Checkouts | Full call number | Barcode | Date last seen | Price effective from | Koha item type |
|---|---|---|---|---|---|---|---|---|---|---|---|---|---|---|---|
| MACHAKOS UNIVERSITY LIBRARY | MACHAKOS UNIVERSITY LIBRARY | Technical section | 07/02/2017 | Donation(BFA) | NK4031 .T49 2001 | 34347 | 10/07/2018 | 07/02/2017 | Hard Covered Materials |